Stationary sequences and random fields
محفوظ في:
| المؤلف الرئيسي: | |
|---|---|
| التنسيق: | كتاب |
| اللغة: | الإنجليزية |
| منشور في: |
Boston
Birkhauser
1985
|
| الموضوعات: | |
| الوسوم: |
إضافة وسم
لا توجد وسوم, كن أول من يضع وسما على هذه التسجيلة!
|
MARC
| LEADER | 00000nam a2200000 a 4500 | ||
|---|---|---|---|
| 001 | UCI6232 | ||
| 003 | CL-VaPUC | ||
| 008 | 080425e19850000US |||||||||||||||||eng|d | ||
| 020 | |a 0817632646 | ||
| 082 | 0 | 4 | |a 519.55 |b ROS |2 21 |
| 100 | 0 | |a Rosenblatt, Murray |e author |9 528960 | |
| 245 | 1 | 0 | |a Stationary sequences and random fields |
| 300 | |a 258 p | ||
| 942 | |c BK | ||
| 945 | |d 20080425 00:00:00 |a rbrito | ||
| 260 | |a Boston |b Birkhauser |c 1985 | ||
| 650 | 0 | |a Análisis de series de tiempo |9 260363 | |
| 650 | 7 | |a CAMPOS ALEATORIOS |2 CL-VaPUC |9 528961 | |
| 650 | 0 | |a Análisis estadístico |9 269506 | |
| 583 | |a last modification |c 20080425 00:00:00 |k Rodrigo Vera | ||
| 999 | |c 329763 |d 329761 | ||
| 952 | |0 0 |1 0 |4 0 |6 519_550000000000000_ROS_1985 |7 0 |8 A |9 414821 |a BIBGIM |b BIBGIM |d 2019-11-22 |i 4434072 |o 519.55 ROS 1985 |p 4434072 |r 2025-01-15 |w 2019-11-22 |y BK |k EST | ||